Najbardziej zaludnione miasta w Polsce - Statystyki

Ogólne statystyki
  • Ten quiz został rozwiązany 264 razy
  • Średni wynik to 11 z 15
Statystyki odpowiedzi
Ludność Miasto % Poprawnych
1 792 718 Warszawa
99%
780 796 Kraków
98%
470 633 Gdańsk
92%
530 464 Poznań
88%
641 201 Wrocław
87%
289 162 Katowice
85%
667 923 Łódź
83%
244 104 Gdynia
80%
396 472 Szczecin
78%
337 788 Lublin
70%
296 401 Białystok
69%
341 692 Bydgoszcz
68%
198 476 Rzeszów
57%
215 905 Częstochowa
44%
208 091 Radom
44%
Nie znaleziono quizów pasujących do podanych kryteriów
Rozkład punktacji
Procent ludzi z każdym wynikiem
Percentyl według liczby udzielonych odpowiedzi
Twoja historia wyników
Nie rozwiązałeś tego quizu